Trayectoria y destino del Derecho Procesal Civil hispanoamericano

Uloženo v:
Podrobná bibliografie
Hlavní autor: Couture, Eduardo Juan (Autor)
Médium: Kniha
Jazyk:španělština
Vydáno: Buenos Aires Ediciones Depalma 1999
Vydání:1a. ed
Témata:
Tagy: Přidat tag
Žádné tagy, Buďte první, kdo vytvoří štítek k tomuto záznamu!

MARC

LEADER 00000cam a2200000 a 4500
001 UCC4762
003 CL-VaPUC
008 180824e19990000ag |||||||||||||||||spa|d
020 |a 9501417018 
082 0 4 |a 347.05  |b COU  |2 21 
100 0 |a Couture, Eduardo Juan  |e author  |9 404214 
245 1 0 |a Trayectoria y destino del Derecho Procesal Civil hispanoamericano 
250 |a 1a. ed 
300 |a 83 p 
942 |c BK 
945 |d 20180824 13:39:00  |a dcastane 
260 |a Buenos Aires  |b Ediciones Depalma  |c 1999 
650 0 |a Derecho procesal civil  |9 258071 
650 0 |a Derecho internacional  |9 255637 
650 0 |a Jurisdicción  |9 255090 
583 |a last modification  |c 20190612 10:44:40  |k Rodrigo Vera 
999 |c 372171  |d 372169 
952 |0 0  |1 0  |2 ddc  |3 erb  |4 0  |6 347_050000000000000_COU_1999  |7 0  |8 A  |9 489453  |a BIBDER  |b BIBDER  |e Mateluna Arestizabal, Alfredo Sergio  |i 5489717  |o 347.05 COU 1999  |p 5489717  |r 2023-01-25  |w 2019-11-24  |y MX  |z Catalogado en:20180824  |k DER